Adonis and the Alphabet: and ather Essays / (Record no. 11369)
[ view plain ]
| 000 -LEADER | |
|---|---|
| fixed length control field | 00396cam a2200157ua 4500 |
| 041 ## - LANGUAGE CODE | |
| Language code of text/sound track or separate title | eng |
| 082 ## - DEWEY DECIMAL CLASSIFICATION NUMBER | |
| Classification number | 824 |
| Item number | HUX/AD |
| 100 ## - MAIN ENTRY--AUTHOR NAME | |
| Personal name | Huxley, Aldos . |
| 245 ## - TITLE STATEMENT | |
| Title | Adonis and the Alphabet: and ather Essays / |
| 260 ## - PUBLICATION, DISTRIBUTION, ETC. (IMPRINT) | |
| Place of publication | London : |
| Name of publisher | Chatto & Windows , |
| Year of publication | 1956. |
| 300 ## - PHYSICAL DESCRIPTION | |
| Number of Pages | 285 ; . |
No items available.
